Kekeluargaan dalam Islam

Bibliographic Details
Main Author: Ahmad, Khurshid
Other Authors: Azmi Shah Suratman
Format: Book
Published: Johor : UTM , 1996
Subjects:

MARC

LEADER 00000cam a2200000 7i4500
001 0000012631
005 20071227.0
008 071227
020 |a 9835200653 
090 0 0 |a 297.1978358   |b AHM 
100 1 |a Ahmad, Khurshid 
245 1 0 |a Kekeluargaan dalam Islam   |c Khurshid Ahmad ; penterjemah Azmi Shah Suratman 
260 |a Johor :   |b UTM ,   |c 1996 
650 0 |a Family   |x Religious life 
650 0 |a Islamic stories, Malay 
650 0 |a Marriage   |x Religious aspects   |x Islam 
700 0 |a Azmi Shah Suratman 
999 |a 0001009904   |b Book   |c Adult Collection   |e Perbadanan Perpustakaan Awam Johor